|
|
|
|
| LEADER |
00000nas a2200000 a 4500 |
| 001 |
ssj0009814 |
| 003 |
WaSeSS |
| 005 |
20200512172242.0 |
| 006 |
m d |
| 007 |
cr n |
| 008 |
990618c19919999ne bx p s 0 0eng c |
| 010 |
|
|
|a 2004233141
|
| 022 |
|
|
|a 1573-322X
|l 1187-7863
|y 1187-7863
|
| 035 |
|
|
|a (WaSeSS)ssj0009814
|
| 037 |
|
|
|b Kluwer Academic Publishers, Spuiboulevard 50, P.O. Box 17, 3300 AA Dordrecht, The Netherlands
|
| 040 |
|
|
|a F#A
|b eng
|e pn
|c F#A
|d OCL
|d OCLCQ
|d MUQ
|d OCLCQ
|d GUA
|d OCLCQ
|d WAU
|d MYG
|d OCLCQ
|d OCLCF
|d VT2
|d OCLCQ
|d DLC
|d WaSeSS
|
| 042 |
|
|
|a pcc
|
| 050 |
0 |
0 |
|a BJ52.5
|
| 082 |
0 |
4 |
|a 174.963
|
| 210 |
0 |
|
|a J. agric. environ. ethics
|b (Dordr., Online)
|
| 222 |
|
0 |
|a Journal of agricultural and environmental ethics
|b (Dordrecht. Online)
|
| 245 |
0 |
0 |
|a Journal of agricultural and environmental ethics
|h [electronic resource].
|
| 246 |
1 |
|
|i Online cover title:
|a Journal of agricultural & environmental ethics
|
| 260 |
|
|
|a Dordrecht :
|b Kluwer Academic Publishers,
|c 1991-
|
| 260 |
3 |
|
|3 <2009-> :
|a [Dordrecht], Netherlands :
|b Springer Netherlands
|
| 310 |
|
|
|a 6 issues yearly,
|b 2003-
|
| 321 |
|
|
|a 4 issues yearly,
|b 2000-2002
|
| 321 |
|
|
|a Three issues yearly,
|b <1997>-1999
|
| 362 |
1 |
|
|a Began with vol. 4, no. 1 (1991).
|
| 506 |
|
|
|a License restrictions may limit access.
|
| 515 |
|
|
|a Some issues combined.
|
| 588 |
|
|
|a Description based on: Vol. 4, no. 1 (Mar. 1991); title from journal contents screen (SpringerLink, viewed Nov. 12, 2009).
|
| 588 |
|
|
|a Latest issue consulted: Vol. 32, no. 4 (Aug. 2019) (Springer Link, viewed Oct. 30, 2019).
|
| 650 |
|
0 |
|a Agriculture
|x Moral and ethical aspects
|v Periodicals.
|
| 650 |
|
6 |
|a Agriculture
|x Aspect moral
|v Périodiques.
|
| 650 |
|
7 |
|a Agriculture
|x Moral and ethical aspects.
|2 fast
|0 (OCoLC)fst00801573
|
| 655 |
|
0 |
|a Electronic journals.
|
| 776 |
0 |
8 |
|i Print version:
|t Journal of agricultural & environmental ethics
|x 1187-7863
|w (DLC)sn 91016292
|w (OCoLC)24238888
|
| 780 |
0 |
0 |
|t Journal of agricultural ethics (Online)
|x 2330-9806
|w (DLC) 2009242372
|w (OCoLC)60627222
|
| 850 |
|
|
|a DLC
|
| 856 |
4 |
0 |
|z Full text available from Research Library: 01/01/1998 to 1 year ago
|u https://search.proquest.com/publication/47016
|